000 00489nam a2200193Ia 4500
008 170918s9999 xx 000 0 und d
020 _a9780439796071
050 _bN9718 2004
100 _aNumeroff, Laura
245 _aBeatrice doesn't want to /
245 _cLaura Numeroff ; illustrated by Lynn Munsinger.
260 _aNew York :
260 _bScholastic,
260 _c2004
300 _aunpaged :
300 _bcolored illustration ;
300 _c26cm.
500 _a140
999 _c341034
_d341034